logo

Bir Sreshtho Munshi Abdur Rouf Library
Jhenaidah Cadet College

Genetic disease control : (Record no. 8163)

MARC details
000 -LEADER
fixed length control field 01092pam a2200349 i 4500
001 - CONTROL NUMBER
JCCL Control Number 8163
003 - CONTROL NUMBER IDENTIFIER
JCCL marc code BD-JhCC
005 - DATE AND TIME OF LATEST TRANSACTION
control field 20180219091746.0
008 - FIXED-LENGTH DATA ELEMENTS--GENERAL INFORMATION
fixed length control field 810108s1981 cau b 001 0 eng b
020 ## - INTERNATIONAL STANDARD BOOK NUMBER
International Standard Book Number 0803910541
020 ## - INTERNATIONAL STANDARD BOOK NUMBER
International Standard Book Number 080391055X (pbk.)
035 ## - SYSTEM CONTROL NUMBER
system control number (BD-JhCC)8163
040 ## - CATALOGING SOURCE
Original cataloging agency DLC
Transcribing agency DLC
Modifying agency DLC
-- BD-JhCC
041 ## - LANGUAGE CODE
Language code of Book eng
050 00 - LIBRARY OF CONGRESS CALL NUMBER
Classification number RB155
Item number .M35
060 ## - NATIONAL LIBRARY OF MEDICINE CALL NUMBER
Classification number QZ 50 M414g
082 00 - DEWEY DECIMAL CLASSIFICATION NUMBER
Classification number 362.1/96042
DDC Edition number 19
Author mark and Year MAS 1981
100 1# - MAIN ENTRY--PERSONAL NAME
Personal name Massarik, Fred.
245 10 - TITLE STATEMENT
Title Genetic disease control :
Remainder of title a social psychological approach /
Statement of responsibility, etc Fred Massarik, Michael M. Kaback.
260 ## - PUBLICATION, DISTRIBUTION, ETC. (IMPRINT)
Place of publication, distribution, etc Beverly Hills :
Name of publisher, distributor, etc Sage Publications,
Date of publication, distribution, etc c1981.
300 ## - PHYSICAL DESCRIPTION
Pagination 168 p. ;
Dimensions 22 cm.
490 0# - SERIES STATEMENT
Series statement Sage library of social research ;
Volume number/sequential designation v. 116
500 ## - GENERAL NOTE
General note Includes index.
504 ## - BIBLIOGRAPHY, ETC. NOTE
Bibliography, etc Bibliography: p. 159-161.
650 #0 - SUBJECT ADDED ENTRY--TOPICAL TERM
Topical term or geographic name as entry element Genetic counseling
General subdivision Social aspects.
650 #0 - SUBJECT ADDED ENTRY--TOPICAL TERM
Topical term or geographic name as entry element Genetic counseling
General subdivision Psychological aspects
650 #2 - SUBJECT ADDED ENTRY--TOPICAL TERM
Topical term or geographic name as entry element Hereditary diseases
General subdivision Prevention and control.
650 #2 - SUBJECT ADDED ENTRY--TOPICAL TERM
Topical term or geographic name as entry element Genetics, Medical.
700 1# - ADDED ENTRY--PERSONAL NAME
Personal name Kaback, Michael M.,
942 ## - ADDED ENTRY ELEMENTS (KOHA)
Source of classification or shelving scheme Dewey Decimal Classification
Koha item type Books
Holdings
Source of classification or shelving scheme Damaged status Not for loan Home library Current library Shelving location Total Checkouts Full call number Barcode Date last seen Copy number Koha item type
Dewey Decimal Classification     JCC Rouf Library JCC Rouf Library General Stacks   362.1/96042 MAS 1981 10552 02/19/2018 C - 1 Books

JCC Library | Contacts | JCC Home

Last Update on 23 September 2017
Copyright @ 2017-2020 JCC Rouf Library
Rouf Library, Jhenidah Cadet College (JCC), Bangladesh